Países con menos PBI (PPA) per cápita - Estadísticas

Estadísticas generales
  • Esta prueba ha sido intentada 7 veces
  • La puntuación promedio es 11 de 20
Estadísticas de respuestas
País % Correcto
Chad
83%
Afganistán
67%
Burkina Faso
67%
Burundi
67%
Lesoto
67%
Níger
67%
R. D. Congo
67%
Siria
67%
Somalia
67%
Sudán del Sur
67%
Uganda
67%
Liberia
50%
Madagascar
50%
Malaui
50%
Mali
50%
Mozambique
50%
República Centroafricana
50%
Sierra Leona
50%
Guinea-Bisáu
33%
Islas Salomón
0%
No se encontraron pruebas coincidentes
Distribución de puntuación
Porcentaje de gente con cada puntuación
Porcentaje por número respondido
Historial de tus puntuaciones
No has intentado esta prueba.